Terror en navidad /
Guardado en:
| Autor Principal: | |
|---|---|
| Formato: | Libro |
| Publicado: |
Argentina :
Emecé,
1996
|
| Edición: | 1a. ed. |
| Series: | Fantasmas de Fear Street, no. 15
|
| Materias: | |
| Etiquetas: |
Agregar Etiqueta
Sin Etiquetas, Sea el primero en etiquetar este registro!
|
| LEADER | 00691nam a22002535a 4500 | ||
|---|---|---|---|
| 001 | CEM.cems013574 | ||
| 008 | 130507s1996##################000#0#####d | ||
| 005 | 20260616150545.0 | ||
| 245 | 1 | 0 | |a Terror en navidad / |c R.L. Stine |
| 250 | |a 1a. ed. | ||
| 260 | |a Argentina : |b Emecé, |c 1996 | ||
| 300 | |a 108 p. | ||
| 490 | 0 | |a Fantasmas de Fear Street, no. 15 | |
| 020 | |a 9500418045 | ||
| 100 | 1 | |a Stine, R.l. | |
| 082 | 0 | 4 | |a 813.5 |
| 653 | |a Literatura | ||
| 653 | |a Literatura eeuu | ||
| 653 | |a Literatura de terror | ||
| 653 | |a Terror | ||
| 653 | |a Literatura juvenil | ||
| 653 | |a Novelas | ||
| 653 | |a Novelas de terror | ||
| 859 | |a CEMS |b BIB. CEMS - 11 de abril |h 813.5LS1 |i St52-3 |p 26203.11 |t Ej.1 | ||
